Изкуството да победим стреса (Запис номер 103984)
[ съкратено ]
| 000 -Лидер | |
|---|---|
| Контролно поле с фиксирана дължина | 02825nam a2200433 c 4500 |
| 003 - Код на организацията, давaща контролен номер | |
| Контролно поле | BLK |
| 005 - Дата и час на последна редакция | |
| Контролно поле | 20240531111632.0 |
| 008 - Елементи от данни с фиксирана дължина | |
| fixed length control field | 180409b bul|||||r ||||||| ||bul|| |
| 010 ## - Наследен системен номер | |
| LC control number | KNG00109080000 |
| 040 ## - Източник на каталожния запис | |
| Идентификатор на билиотеката - собственик на записа | BLK |
| 041 ## - Код за език | |
| Код за езика на текст/звукозапис или на отделно заглавие | Български |
| Код за езика КДБФ | Български |
| 080 ## - УДК | |
| Текстов определител УДК | Индивидуална психология. Психология на личността. Индивидуалност. Психология на характера. Характерология. Психологическа типология |
| УДК код - определител по УДК | 159.923 |
| УДК определител | (035) |
| УДК - код + определител | 159.923(035) |
| 080 ## - УДК | |
| Текстов определител УДК | Психофизиология. Висша нервна дейност - Време на психична реакция;внимание, асоциация, памет, фантазия ; инстинкт, възбудимост и усещане (в психологичен смисъл), стрес; воля, съзнателно координиране и |
| УДК код - определител по УДК | 612.821 |
| УДК определител | (035) |
| УДК - код + определител | 612.821(035) |
| 080 ## - УДК | |
| Текстов определител УДК | Психично и нравствено здраве и хигиена на умствения труд - Норми на поведение; воля, морал, емоции - страх, гняв, агресивност от хигиенна гледна точка. Умствена преумора |
| УДК код - определител по УДК | 613.86 |
| УДК определител | (035) |
| УДК - код + определител | 613.86(035) |
| 100 1# - Редна дума - Автор | |
| Автор | Ромеро, Джон |
| Авторска отговорност | първи автор |
| R(LIN) | 309757 |
| 139 ## - Редно поле | |
| Редна дума | Ромеро, Джон |
| Авторски знак | Ром - Р 83 |
| 245 10 - Сведения за заглавието | |
| Заглавие | Изкуството да победим стреса |
| Подзаглавни данни | Ръководство |
| Редно поле (дума) | Джон Ромеро; прев. от англ. Юлия Петрова Бучкова. |
| 257 ## - Страна на издаване | |
| Страна на създаване/издаване | Съединени американски щати |
| 260 ## - Област на издателските данни | |
| -- | София |
| Име на издателя, разпространителя и проч. | Весела Люцканова |
| Година на издаване | 1993 |
| Печатница | В. Търново : Абагар |
| 300 ## - Физическа характеристика | |
| Страници | 160 с. |
| Илюстрации и др. | с табл., ил. |
| Размери/Мащаб | 20 см |
| 380 ## - Жанр | |
| Жанр | Философия |
| 500 ## - Общи забележки | |
| Забележка | Ориг. загл. How to Beat Stress / John Romero. - Офс. изд. - 7 000 тир. |
| 650 #4 - Допълнително описание по предмет – тема | |
| Основно описание – тема или топоним | Стрес, психически - наръчници и ръководства |
| 9 (RLIN) | 262469 |
| 650 #4 - Допълнително описание по предмет – тема | |
| Основно описание – тема или топоним | Психохигиена - наръчници и ръководства |
| 9 (RLIN) | 168433 |
| 650 #7 - Допълнително описание по предмет – тема | |
| Основно описание – тема или топоним | Нервна система - хигиена |
| Източник на редна или ключова дума | |
| 9 (RLIN) | 164191 |
| 650 #4 - Допълнително описание по предмет – тема | |
| Основно описание – тема или топоним | Самовнушение - наръчници и ръководства |
| 9 (RLIN) | 170151 |
| 653 ## - Ключова дума – ненормативна | |
| Ключова дума | стрес |
| 653 ## - Ключова дума – ненормативна | |
| Ключова дума | психохигиена |
| 653 ## - Ключова дума – ненормативна | |
| Ключова дума | нервна система |
| 653 ## - Ключова дума – ненормативна | |
| Ключова дума | самовнушение |
| 653 ## - Ключова дума – ненормативна | |
| Ключова дума | ръководства |
| 700 1# - Други автори (авторска отговорност) | |
| Лично име | Бучкова, Юлия Петрова |
| Автороска отговорност (Описва отношението между автора и произведението) | прев. от англ. |
| Друга информация | Бучкова-Малеева, Юлия Петрова |
| 9 (RLIN) | 363415 |
| 852 ## - Местоположение | |
| Форматна сигнатура | Цб 177843 |
| 856 4# - Електронен адрес и достъп | |
| Електронен формат | pdf - файл |
| Път до файла /url/ | |
| 856 4# - Електронен адрес и достъп | |
| Електронен формат | pdf - файл |
| Път до файла /url/ | |
| 942 ## - АРТИКУЛИ | |
| Вид на библиотечния материал | Книги |
| Скрит в OPAC | Не |
| Koha issues (borrowed), all copies | 1 |
| 944 ## - СЪЗДАВАНЕ И РЕДАКЦИЯ на ЗАПИСА | |
| Създаване/Редакция | Създаване |
| Дата на регистрацията/редакция | 20.11.2003 |
| Служител, извършил регистрацията/редакцията | 30560 |
| Статус, дата на статуса | Геновева Генчева |
| 944 ## - СЪЗДАВАНЕ И РЕДАКЦИЯ на ЗАПИСА | |
| Създаване/Редакция | Редакция |
| Дата на регистрацията/редакция | 13.09.2017 |
| Служител, извършил регистрацията/редакцията | Виолета_Тройчева |
| 999 ## - СИСТЕМНИ КОНТРОЛНИ НОМЕРА | |
| Koha biblionumber | 103984 |
| Koha biblioitemnumber | 103984 |
| Код за отписване | Код за изгубен артикул | Източник на класификационната схема | Код за повреда | Коз за рестрикции | Код за отдаване | Артикулен № | Име на библиотеката - собственик | Име на библиотеката, в която се намира в момента | Статус (Текущо местоположение) | Дата на вписване в системата | Местоположение - отдел | Цена в лева | Инвентарен номер | Систематично азбучна сигнатура | Баркод | Номер на екземпляра | Цена в евро | Служебна бележка | Служебен тип на артикула |
|---|---|---|---|---|---|---|---|---|---|---|---|---|---|---|---|---|---|---|---|
| Изтеглен | Не е изгубен | Universal Decimal Classification | Не е повреден | без рестрикции | заемане за дома | 167982 | Регионална библиотека "Любен Каравелов" Русе | Регионална библиотека "Любен Каравелов" Русе | Заемна - подръчен фонд | 2003-11-20 | Заемна - подръчен фонд | 2.20 | 120000680265 | П 159.92/Р 83 | 120000680265 | 1 | 1.12 | Дост: DA Вид: А N: 29 Дата: 19.11.2003 Дата инв: 01.02.2018 Бележки инв: П2018 | Книги |
| Не е изгубен | Не е повреден | без рестрикции | ползва се в читалня | 167983 | Регионална библиотека "Любен Каравелов" Русе | Регионална библиотека "Любен Каравелов" Русе | Хранилище | 1993-01-01 | Хранилище | 22.00 | 594061 | Цб 177843 | 594061 | 2 | 11.25 | Дост: Dp Вид: Д N: стар фонд Дата: 01.01.1993 | Книги |